A survey of world missions /

Gardado en:
Detalles Bibliográficos
Autor Principal: Thiessen, John Caldwell
Formato: Libro
Idioma:inglés
Publicado: Chicago : Moody Press, c1961.
Subjects:
Tags: Engadir etiqueta
Sen Etiquetas, Sexa o primeiro en etiquetar este rexistro!

MARC

LEADER 00000nam a22000002 4500
001 0000035051
003 Daystar
005 20171002020831.0
008 060919s xx 000 0 eng d
040 |a Daystar  |d Nmicheni 
050 0 0 |a BV2090  |b .T43 
100 1 |a Thiessen, John Caldwell. 
245 1 2 |a A survey of world missions /  |c by John Caldwell Thiessen. 
260 |a Chicago :  |b Moody Press,  |c c1961. 
300 |a xii, 544 p. 
504 |a Includes bibliographical references and index. 
650 0 |a Church history. 
650 0 |a Missions. 
908 |a 060919 
942 |c G 
952 |0 0  |1 0  |4 0  |6 BV_2090_000000000000000_T43  |7 0  |9 34149  |a DUN  |b DUN  |c GC  |d 2017-09-28  |l 0  |o BV2090.T43  |p BK029427  |r 2017-09-28 00:00:00  |w 2017-09-28  |x 8819  |y G 
999 |c 21739  |d 21739